000 00570nam a2200193Ia 4500
005 20250508151029.0
008 008 250505s9999 xx 000 0 eng d
037 _aTextual
040 _aFEDL
_beng
_cFEDL
041 _aeng
_2eng
084 _a372, MOO
_qFEDL
100 _aMoore Annie E
_9758241
245 0 _aPrimary school : How to improve its organization and teaching
260 _aBoston, USA
_bHoughton Mifflin Company
_c1925
300 _axii,340p
650 _aElementary Education
942 _cTEXL
_h372, MOO
999 _c1327166
_d1327166